Barack / (Record no. 3791)

MARC details
000 -LEADER
fixed length control field 01126cam a2200301 a 4500
005 - DATE AND TIME OF LATEST TRANSACTION
control field 20240507151852.0
020 ## - INTERNATIONAL STANDARD BOOK NUMBER
International Standard Book Number 9780061703966 (pbk.)
040 ## - CATALOGING SOURCE
Original cataloging agency DLC
Transcribing agency DLC
Modifying agency DLC
Language of cataloging eng
050 00 - LIBRARY OF CONGRESS CALL NUMBER
Classification number E901.1.O23
082 00 - DEWEY DECIMAL CLASSIFICATION NUMBER
Classification number 328.73092
100 1# - MAIN ENTRY--PERSONAL NAME
Personal name Winter, Jonah
Dates associated with a name 1962-
245 10 - TITLE STATEMENT
Title Barack /
Statement of responsibility, etc. by Jonah Winter ; illustrated by A.G. Ford.
250 ## - EDITION STATEMENT
Edition statement First edition
260 ## - PUBLICATION, DISTRIBUTION, ETC.
Place of publication, distribution, etc. New York :
Name of publisher, distributor, etc. Katherine Tegen Books,
Date of publication, distribution, etc. 2008.
300 ## - PHYSICAL DESCRIPTION
Extent 30 unnumbered pages :
Other physical details color illustrations ;
Dimensions 29 cm.
505 ## - FORMATTED CONTENTS NOTE
Formatted contents note X <br/>
520 ## - SUMMARY, ETC.
Summary, etc. A picture book biography of African-American senator and presidential candidate Barack Obama.
521 ## - TARGET AUDIENCE NOTE
Target audience note 890 <br/>
Source Lexile <br/>
521 ## - TARGET AUDIENCE NOTE
Target audience note X <br/>
Source Raz-Plus <br/>
650 #0 - SUBJECT ADDED ENTRY--TOPICAL TERM
Topical term or geographic name entry element Presidential candidates
Geographic subdivision United States
Form subdivision Biography
-- Juvenile literature.
650 #0 - SUBJECT ADDED ENTRY--TOPICAL TERM
Topical term or geographic name entry element Legislators
Geographic subdivision United States
Form subdivision Biography
-- Juvenile literature.
650 #0 - SUBJECT ADDED ENTRY--TOPICAL TERM
Topical term or geographic name entry element African American legislators
Form subdivision Biography
-- Juvenile literature.
650 #0 - SUBJECT ADDED ENTRY--TOPICAL TERM
Topical term or geographic name entry element Racially mixed people
Geographic subdivision United States
Form subdivision Biography
-- Juvenile literature.
700 1# - ADDED ENTRY--PERSONAL NAME
Personal name Ford, AG
906 ## - LOCAL DATA ELEMENT F, LDF (RLIN)
a 7
b cbc
c orignew
d 1
e ecip
f 20
g y-gencatlg
942 ## - ADDED ENTRY ELEMENTS (KOHA)
Source of classification or shelving scheme Dewey Decimal Classification
Koha item type Books
Suppress in OPAC No
999 ## -
-- 3791
-- 3791
Holdings
Withdrawn status Lost status Source of classification or shelving scheme Damaged status Not for loan Collection Home library Current library Shelving location Date acquired Total Checkouts Full call number Barcode Date last seen Price effective from Koha item type
    Dewey Decimal Classification     Non-Fiction Footprints International School Library Network Toul Tom Poung Campus Footprints International School Library Network Toul Tom Poung Campus TTP Secondary Non-Fiction Bookshelves 05/07/2024   WIN 328.73092 E901.O23 FISTK02072 05/07/2024 05/07/2024 Books